| 000 | 00809nam a22002177a 4500 | ||
|---|---|---|---|
| 005 | 20250825113323.0 | ||
| 010 | _aENG-146499 | ||
| 020 |
_a9789349015197 _c695.00 |
||
| 035 | _aEN-130031 | ||
| 037 | _bDBAD | ||
| 082 |
_a382.1 _21 |
||
| 100 |
_aNedumpara, James J _984302 |
||
| 245 |
_aBespoke Treaties or Standard Models?: _bA Study of International Investment Treaty Provisions of India’s Key Trade Partners/ _cJames J Nedumpara; Sunanda Tewari [and] Pushkar Reddy |
||
| 250 | _a1 | ||
| 260 |
_aGurgaon _bLexis Nexis _c2025 |
||
| 270 |
_a14th Floor, Building No.10, Tower-B, DLF Cyber City, Phase-II _bGurgaon _e122002 |
||
| 300 |
_axxxvi, 266p. _c24cm(pb) |
||
| 700 |
_aTewari, Sunanda _eAuthor _984301 |
||
| 700 |
_aReddy, Pushkar _eAuthor _984303 |
||
| 942 |
_2ddc _cEN _mNED _h382.1 |
||
| 999 |
_c213139 _d213139 |
||